| 000 | 00615nam a22002057a 4500 | ||
|---|---|---|---|
| 003 | OSt | ||
| 005 | 20240621104327.0 | ||
| 008 | 240621b |||||||| |||| 00| 0 eng d | ||
| 020 | _a9780715636541 | ||
| 040 | _cMUST | ||
| 082 | _a530.1 ROS 2006 | ||
| 100 |
_aRosenblum, Bruce _917555 |
||
| 245 |
_aQuantum Enigma : _bphysics encounters consciousness / _cBruce Rosenblum, Fred Kuttner |
||
| 260 |
_aNew York _bOxford University Press _c2006 |
||
| 300 |
_a211p; _bill.: _c22 cm. |
||
| 504 | _aIncludes bibliographical references | ||
| 650 |
_aPhysics _9809 |
||
| 700 |
_aKuttner, Fred _917556 |
||
| 942 |
_2ddc _cO_SHELF |
||
| 999 |
_c8685 _d8685 |
||